000 00298nam a2200109Ia 4500
008 230627s9999 xx 000 0 und d
041 _amar
082 _a342
_bCHI
100 _aChitnis V
245 _aIndian Constitutional Law New Challenges
260 _aPune
_bFuturistic Digital Publications
_c2006
999 _c694654
_d694654